[Event "Politiken Cup 18th"]
[Site "Copenhagen"]
[Date "1996.??.??"]
[Round "9"]
[White "Hodgson, Julian M"]
[Black "Hansen, Sune Berg"]
[Result "1-0"]
[WhiteElo "2615"]
[BlackElo "2495"]
[Annotator "Knaak,R"]
[PlyCount "59"]
[EventDate "1996.06.??"]
[EventType "swiss"]
[EventRounds "11"]
[EventCountry "DEN"]
[SourceTitle "CBM 054"]
[Source "ChessBase"]
[SourceDate "1996.10.01"]
[SourceVersion "1"]
[SourceVersionDate "1996.10.01"]
[SourceQuality "1"]

1. d4 e6 2. e4 d5 3. e5 c5 4. Nf3 Nc6 {Vielleicht wird ja dieser Zug gespielt,
um nach 5.c3 die geliebten Theorievarianten zu haben. Das tritt aber praktisch
nie ein: wenn Weiß 4.Nf3 spielt, folgt 5.Bd3. Deshalb kann Schwarz auch gleich
4...cxd4 spielen und den Nb8 evtl. nach d7 entwickeln.} 5. Bd3 cxd4 6. O-O f6
7. Qe2 Qc7 8. Bf4 g5 9. Bg3 g4 10. Nh4 f5 11. f3 $1 Qg7 $6 (11... Nh6 {Weiß
muß dann nachweisen, daß er mehr als Kompensation für den Bauern hat.} 12. Nd2
(12. fxg4 Nxg4 13. h3 (13. Bb5) (13. Nxf5 exf5 14. e6 Bd6 15. Bxf5 Bxg3 16.
Qxg4 Bxh2+ 17. Kh1 Be5) 13... Ngxe5 14. Bb5 Bd6 15. Nxf5 exf5 16. Bxe5 Bxe5 17.
Bxc6+ bxc6 18. Re1 O-O $17) 12... Bg7 13. fxg4 $6 (13. f4 $13) 13... Nxg4 14.
Ndf3 O-O 15. Bf4 Ngxe5 16. Kh1 Qe7 17. Bxe5 Nxe5 18. Nxe5 Qxh4 $17 {0-1 Bryson,
D-Zueger,B/Manila olm 1992 (33)}) 12. fxg4 fxg4 {Die offene f-Linie arbeitet
zu weißen Gunsten.} 13. c4 $5 (13. Nd2) 13... dxc4 (13... dxc3 14. Nxc3 Bc5+
15. Kh1) 14. Bxc4 {Weiß beabsichtigt nicht den Bauern zurückzugewinnen und
vertraut voll auf den starken Pe5. Über d2 und e4 kann nun der Nb1
dorthingelangen.} Bd7 15. Nd2 O-O-O 16. Ne4 Kb8 17. Nf6 Nh6 18. a3 Bc5 $6 {
Der Läufer wird über b6 nach c7 gehen und beschleunigt nur den weißen Angriff
am Damenflügel.} (18... Bc8 19. b4 Ne7 $13) 19. Bd3 Ka8 20. Kh1 Bb6 21. b4 Bc8
22. Rac1 Ne7 $6 {Auf c6 hat der Springer b4 bedroht und somit a3-a4 verhindert.
} 23. a4 {Weiß ist jetzt einfach schneller.} Nef5 24. Nxf5 Nxf5 25. Bf4 h5 26.
a5 Bc7 27. Rc5 $1 b6 $6 (27... h4 28. Bxf5 exf5 29. Nd5 Rxd5 30. Rxd5) 28. Be4+
$18 Kb8 (28... Bb7 29. Bxb7+ Kxb7 30. Qe4+ Kb8 31. a6 $18) 29. Qb5 Ne3 30. Rfc1
1-0

[Event "Altensteig-A"]
[Site "Altensteig"]
[Date "1993.??.??"]
[Round "4"]
[White "Romanishin, Oleg M"]
[Black "Knaak, Rainer"]
[Result "1/2-1/2"]
[WhiteElo "2615"]
[BlackElo "2525"]
[Annotator "Knaak,R"]
[PlyCount "55"]
[EventDate "1993.07.07"]
[EventType "tourn"]
[EventRounds "11"]
[EventCountry "GER"]
[EventCategory "12"]
[SourceTitle "CBM 037"]
[Source "ChessBase"]
[SourceDate "1993.12.01"]
[SourceVersion "1"]
[SourceVersionDate "1993.12.01"]
[SourceQuality "1"]

1. e4 e6 2. d4 d5 3. e5 c5 4. c3 Nc6 5. Nf3 Bd7 6. Be2 Nge7 7. O-O cxd4 8. cxd4
Nf5 9. Nc3 a6 (9... h5 10. Be3 $1 Be7 11. Bd3 Nxe3 12. fxe3) 10. Kh1 $5 {
Nützlicher Abwartezug. Usefull waiting move.} (10. Be3 Be7 11. Bd3 Nxe3 12.
fxe3 f5 $15) 10... h5 11. Bg5 (11. Be3 Be7 12. Bd3 Nxe3 13. fxe3 Qb6 {/\ 0-0-0,
f7-f5}) 11... Be7 12. Bxe7 Qxe7 13. Qd2 (13. Bd3 $6 Nfxd4 (13... Nh4 $5) 14.
Nxd4 Nxd4 15. Bxa6 Qb4 16. Bxb7 Ra7 17. Bxd5 exd5 18. Nxd5 Qc5 $15) 13... Rg8 (
13... g5 $5) 14. b4 $1 (14. Bd3 Nh4 $1 15. Nxh4 Qxh4 16. f4 Nxd4 17. Bh7 Rh8
18. Qxd4 Rxh7 $17) 14... g5 (14... Nxb4 15. Rab1 Rb8 16. Nd1 Nc6 17. Ne3 $1 $44
) 15. b5 Nd8 $1 16. Ne1 (16. bxa6 bxa6 {/\ Nd8-c6}) 16... axb5 $1 17. Nxb5 Bxb5
18. Bxb5+ Kf8 19. Nc2 g4 20. Bd3 Qg5 $1 21. Qxg5 $1 Rxg5 22. f4 gxf3 23. gxf3
Nc6 24. f4 Rg6 $1 25. a3 (25. Bxf5 exf5 26. Ne3 Ne7 $10 {/\ Rg6-a6}) 25... Nce7
$1 26. Rab1 Ra7 27. Rb3 Rg4 $1 {>< f4} 28. Rc3 1/2-1/2

[Event "RUS-Cup3"]
[Site "Omsk"]
[Date "1996.??.??"]
[Round "4"]
[White "Smirnov, Pavel"]
[Black "Smikovski, Ivan"]
[Result "1-0"]
[WhiteElo "2330"]
[BlackElo "2545"]
[Annotator "Knaak,R"]
[PlyCount "143"]
[EventDate "1996.12.13"]
[EventType "swiss"]
[EventRounds "9"]
[EventCountry "RUS"]
[SourceTitle "CBM 057"]
[Source "ChessBase"]
[SourceDate "1997.04.01"]
[SourceVersion "1"]
[SourceVersionDate "1997.04.01"]
[SourceQuality "1"]

1. e4 e6 2. d4 d5 3. e5 c5 4. c3 Qb6 5. Nf3 Nc6 6. Bd3 cxd4 7. cxd4 Bd7 8. Nc3
Nxd4 9. Nxd4 Qxd4 10. O-O a6 11. Qe2 Ne7 12. Kh1 Nc6 13. f4 Nb4 14. Rd1 Bc5 {
Mit 14...Nxd3 ist man auf der sicheren Seite und kann schon auf Vorteil
spielen.} 15. Bxa6 Qf2 16. Qxf2 Bxf2 $11 {Die Einschätzung = ist vielleicht
nicht korrekt; Weiß hat nämlich ein paar Probleme, sich richtigen
aufbauzubauen.} 17. Bb5 {Bisher wurde nur 17.Be2 gespielt.} Bc6 18. a4 $6 (18.
a3) 18... O-O 19. b3 $6 Rfc8 $17 (19... Bd4 20. Bb2 $13) 20. Bb2 (20. g3 Bd4 $1
21. Bb2 (21. Rxd4 Nc2 $19) 21... Bxb5 22. axb5 Rxa1 23. Rxa1 Nd3 $19) 20... d4
$1 21. Bxc6 (21. Ne2 Bxb5 22. axb5 Rxa1 23. Bxa1 d3 $19) 21... dxc3 22. Bxb7
cxb2 23. Rab1 Rc1 $4 (23... Be3 {Danach hat Weiß schwer um Ausgleich zu
kämpfen.} 24. Bxa8 Rxa8 25. g3 (25. Rxb2 Bxf4 26. Re2 Nd5 $19) 25... Bc1 26.
Rbxc1 bxc1=Q 27. Rxc1 Kf8 {-/+/-+}) 24. Bxa8 $18 Be3 25. g3 Kf8 26. Kg2 Rc2+ (
26... Rxd1 27. Rxd1 Bc1 28. Be4 $18 {[%cal Ye4b1] Ich vermute, daß Schwarz
diese Deckung des Feldes b1 einfach übersehen hat.}) 27. Kh3 Ke7 28. Be4 Rc1
29. Bf3 Rc2 30. Be4 Rc1 31. Rh1 $1 Rxh1 32. Rxh1 Na2 33. Kg2 Nc3 34. Kf3 Bc1
35. Bd3 Kd7 36. f5 exf5 37. Bxf5+ Kc6 38. h4 Kd5 39. a5 Kxe5 40. Bd3 Kd4 41.
Bc2 Kc5 42. Re1 f6 43. a6 Kb6 44. Re6+ Ka7 45. Bd3 Nb5 46. Re4 Bd2 47. Rc4 Kb6
48. Ke2 Bc3 49. a7 $1 Kxa7 50. Rc5 b1=Q 51. Bxb1 Kb6 52. Rc8 Be5 53. Kf2 Nd4
54. Bxh7 f5 55. Rf8 Nxb3 56. Rxf5 Bb2 57. Rf8 Kc7 58. Rf7+ Kd6 59. Rb7 Bd4+ 60.
Kf3 Nc5 61. Rb6+ Ke7 62. Rb4 Bf6 63. Rc4 Nd7 64. Kg2 Kd6 65. Bf5 Ne5 66. Rc8
Nc6 67. Ra8 Nd4 68. Be4 Ne6 69. Kh3 Ke7 70. Bf5 Nd4 71. g4 Kf7 72. Be4 1-0

[Event "Sydney Mercantile"]
[Site "Sydney"]
[Date "1991.??.??"]
[Round "1"]
[White "Antonio, Rogelio Jr"]
[Black "Gedevanishvili, Dmitry"]
[Result "1/2-1/2"]
[WhiteElo "2490"]
[BlackElo "2400"]
[Annotator "Knaak,R"]
[PlyCount "97"]
[EventDate "1991.04.??"]
[EventType "tourn"]
[EventRounds "9"]
[EventCountry "AUS"]
[EventCategory "10"]
[SourceTitle "CBM 023"]
[Source "ChessBase"]
[SourceDate "1991.08.01"]
[SourceVersion "1"]
[SourceVersionDate "1991.08.01"]
[SourceQuality "1"]

1. e4 c5 2. Nf3 e6 3. c3 Nc6 4. d4 d5 5. e5 Qb6 6. a3 c4 7. h4 Bd7 (7... f6 $5)
8. h5 Na5 9. Nbd2 h6 {Man kann auf diesen Zug verzichten, denn h5-h6 ist keine
Drohung.} 10. g3 Ne7 11. Bh3 O-O-O 12. O-O $14 Kb8 13. Ne1 f5 14. exf6 gxf6 15.
Ng2 Ka8 16. Nf3 Nb3 17. Rb1 Nxc1 18. Qxc1 Bg7 19. Re1 Rhe8 20. Qc2 Qd6 21. b3
cxb3 22. Qxb3 Rb8 23. Nf4 Nc6 24. Bg2 Bf8 25. Qc2 e5 26. Ng6 Bg7 27. Qb3 e4 28.
Nfh4 Na5 29. Qb4 Qc7 30. Nf4 Bc6 31. Nhg6 Nc4 32. Re2 f5 33. Bh3 Qf7 34. a4 Bf8
35. Nxf8 Rxf8 36. a5 Rg8 37. Kh2 Rg5 38. Qc5 a6 39. Rb4 Rbg8 40. Rxc4 dxc4 41.
d5 Bd7 42. Rb2 Bb5 43. d6 Rd8 44. Rd2 Bc6 45. Rd4 e3 46. fxe3 Qg8 47. Nd5 Rxg3
48. Nc7+ Kb8 49. Nxa6+ 1/2-1/2

[Event "Bled/Rogaska Slatina"]
[Site "Bled"]
[Date "1991.??.??"]
[Round "6"]
[White "Grosar, Aljosa"]
[Black "Hansen, Lars Bo"]
[Result "1/2-1/2"]
[WhiteElo "2370"]
[BlackElo "2525"]
[Annotator "Knaak,R"]
[PlyCount "62"]
[EventDate "1991.06.??"]
[EventType "tourn"]
[EventRounds "13"]
[EventCountry "SLO"]
[EventCategory "12"]
[SourceTitle "CBM 024"]
[Source "ChessBase"]
[SourceDate "1991.10.01"]
[SourceVersion "1"]
[SourceVersionDate "1991.10.01"]
[SourceQuality "1"]

1. e4 e6 2. d4 d5 3. e5 c5 4. c3 Nc6 5. Nf3 Bd7 6. a3 Nge7 7. b4 cxd4 8. cxd4
Nf5 9. Bb2 b5 $5 10. Nc3 (10. Bxb5 $6 Nxe5 $17) 10... a6 (10... a5 $5 11. Nxb5
(11. bxa5 Rxa5 {/\ b4}) 11... axb4 12. a4 Na5 13. Rc1 Nc4 14. Bxc4 dxc4 15.
Rxc4 Bxb5 16. axb5 Qd5 $17) 11. Bd3 g6 12. O-O h5 13. Ne2 Be7 (13... a5 $5) 14.
Bc3 Qb6 15. Nf4 Ng7 16. h4 a5 17. Qe2 $1 axb4 18. axb4 Rb8 19. Rfb1 O-O $10 20.
Bc2 Qd8 21. g3 Rc8 22. Ra3 Na5 $1 23. Nd3 Nc4 24. Ra7 Rc7 25. Rba1 Qb8 26. Nc5
Bc6 27. Rxc7 Qxc7 28. Bd2 Ra8 29. Qd1 Qb8 30. Bc3 Rxa1 31. Qxa1 Qa8 1/2-1/2

[Event "Leon"]
[Site "Leon"]
[Date "1993.??.??"]
[Round "4"]
[White "Yudasin, Leonid"]
[Black "Illescas Cordoba, Miguel"]
[Result "1-0"]
[WhiteElo "2610"]
[BlackElo "2615"]
[Annotator "Knaak,R"]
[PlyCount "103"]
[EventDate "1993.05.??"]
[EventType "tourn"]
[EventRounds "9"]
[EventCountry "ESP"]
[EventCategory "12"]
[SourceTitle "CBM 036"]
[Source "ChessBase"]
[SourceDate "1993.10.01"]
[SourceVersion "1"]
[SourceVersionDate "1993.10.01"]
[SourceQuality "1"]

1. e4 {Ftacnik} c5 2. c3 e6 3. d4 d5 4. e5 Nc6 5. Nf3 Qb6 6. Be2 Nh6 7. b3 cxd4
8. cxd4 Nf5 9. Bb2 Bd7 10. g4 Nfe7 11. Nc3 Ng6 12. Qd2 f6 13. Na4 Bb4 $5 14.
Nxb6 Bxd2+ 15. Kxd2 axb6 16. exf6 gxf6 17. h4 $14 h6 18. h5 Nf4 19. Bf1 (19.
Bd1 Nb4 20. Ne1 $14) 19... Rg8 20. Rh4 e5 21. dxe5 Rxg4 22. Rh2 $6 (22. exf6
Rxh4 23. Nxh4 Kf7 24. Bd3 Nxd3 25. Kxd3 d4 26. Bxd4 Nxd4 27. Kxd4 Kxf6 $14)
22... f5 $1 $13 23. Nd4 Nxd4 24. Bxd4 Ne6 25. Bxb6 $6 (25. Bb2 $13) 25... Rb4
$15 26. Bh3 $2 (26. Be3 f4 (26... Rxb3 27. Bxh6 Rb2+ 28. Kc3 $13) 27. Kc3 Re4
28. Bd2 Rxe5 $15) 26... Ng5 $5 (26... Rxb6 27. Bxf5 Nd4 $19) 27. Bc7 $5 Rh4 (
27... Rc8 $1 $19) (27... Nf3+ {Ftacnik} 28. Kc3 Re4 $5 29. Rg2 Ng5) 28. e6 $1
Nf3+ (28... Bxe6 {Ftacnik} 29. Bg2 Rxh2 30. Bxh2 $14) 29. Kc3 $5 Nxh2 (29...
Bxe6 $5 30. Bg3 Rc8+ (30... Rxh5 {Ftacnik} 31. Rhh1 $13) 31. Kb2 Rxh3 $1 32.
Rxh3 f4 33. Rhh1 fxg3 34. fxg3 d4 $15) 30. Bxf5 $1 $8 (30. exd7+ $2 {Ftacnik}
Kxd7 $19) 30... d4+ $6 (30... Bxe6 31. Bxe6 Ke7 32. Bg3 Rxh5 $17) 31. Kb2 Bc6
$2 (31... Bxe6) 32. Rg1 (32. Bg3 {Ftacnik} Nf3) 32... Ke7 33. Rg7+ Kf6 34. Rf7+
Kg5 35. e7 Re8 $2 (35... Rxh5 36. f4+ Kh4 37. Rf8 Be8 38. Bd7 $13) 36. Bg6 $1
Nf3 $6 (36... Bd7 37. Rf8 Rxe7 38. Bd8 $16) (36... Be4 {Ftacnik} 37. f4+ $1 $18
) 37. Rf5+ Kg4 38. Rf4+ Kh3 (38... Kg5 {Ftacnik} 39. Rxf3 Bxf3 40. Bxe8 Kf6 41.
Bd8 Re4 42. Bc6 Re2+ 43. Ka3 $18) 39. Rxf3+ $1 $18 Bxf3 40. Bxe8 Kg2 41. Bg6
Bc6 42. Bg3 Rg4 43. e8=Q Bxe8 44. Bxe8 Kf3 45. Kc2 Re4 46. Bg6 Re1 47. a4 Ke2
48. Bf5 Kf3 49. Kd3 Rd1+ 50. Kc4 Rh1 51. Kxd4 Rxh5 52. Be4+ 1-0

[Event "Graz zt"]
[Site "Graz"]
[Date "1993.??.??"]
[Round "5"]
[White "Grosar, Aljosa"]
[Black "Zueger, Beat"]
[Result "1/2-1/2"]
[WhiteElo "2480"]
[BlackElo "2415"]
[Annotator "Knaak,R"]
[PlyCount "114"]
[EventDate "1993.03.??"]
[EventType "tourn"]
[EventRounds "13"]
[EventCountry "AUT"]
[EventCategory "8"]
[SourceTitle "CBM 035"]
[Source "ChessBase"]
[SourceDate "1993.08.01"]
[SourceVersion "1"]
[SourceVersionDate "1993.08.01"]
[SourceQuality "1"]

1. e4 e6 2. d4 d5 3. e5 c5 4. c3 Nc6 5. Nf3 Bd7 6. dxc5 $5 Bxc5 7. b4 Bb6 8. b5
Na5 9. Bd3 Rc8 (9... Nc4 $5 10. a4 Qc7 11. Qe2 a6 $5 12. bxa6 Rxa6 13. O-O Ne7
14. Na3 Rxa4 15. Nxc4 dxc4 16. Rxa4 Bxa4 17. Bxc4 O-O 18. Bd3 Ng6 {1/4:1/4
Kharlov,A-Dreev,A/USSR-ch/1991/} 19. h4 Bc6 20. h5 Bxf3 21. gxf3 Qxe5 $1 22.
hxg6 Qg3+ 23. Kh1 Qh3+ $10 {Dreev}) 10. O-O Nc4 11. a4 Ne7 12. Re1 Ng6 13. Nbd2
(13. Ra2 h6 14. g3 O-O 15. h4 f5 16. h5 Nh8 17. Nh4 Be8 18. Bf4 a6 19. bxa6
bxa6 $10 {Brady,S-Hansen,LB/Debrecen EU-chT/1992/}) (13. Bg5 $5) 13... Na5 14.
Bb2 Nh4 15. Nxh4 Qxh4 16. Qe2 O-O 17. Nf3 Qh5 18. h3 f6 $1 19. exf6 gxf6 20.
Rad1 e5 21. Nh2 Qxe2 22. Rxe2 Be6 $15 23. Ng4 e4 $6 {>< d5} 24. Bb1 Nc4 25. Ba2
$1 f5 (25... Bxg4 26. hxg4 e3 27. Rxd5 $1 $13) (25... Nxb2 26. Rxb2 Rxc3 27.
Bxd5 Bxd5 28. Rxd5 Rc1+ 29. Kh2 $10) 26. Ne3 $1 Nxb2 (26... Nxe3 27. fxe3 Rcd8
28. Kf1 f4 29. exf4 Rxf4+ 30. Ke1 $13) 27. Rxb2 Bxe3 28. fxe3 Rxc3 29. b6 $1
axb6 (29... a6 30. Bxd5 Bxd5 31. Rxd5 Rxe3 32. Rd7 Rf7 33. Rxf7 Kxf7 34. Rc2
$13) (29... Rxe3 $2 30. bxa7 Ra3 31. Bxd5 Bxd5 32. Rxd5 Rxa4 33. Rxb7 e3 34.
Rdd7 $18) 30. Rxb6 Bf7 31. Bxd5 Bxd5 32. Rxd5 $10 Rf7 33. Rbb5 Rxe3 34. Rxf5
Rxf5 35. Rxf5 Ra3 36. a5 e3 37. Kf1 Ra2 38. g4 (38. Re5 Rf2+ 39. Kg1 Ra2 $10)
38... Kg7 39. Rb5 e2+ (39... Kf6 40. h4 h6) 40. Ke1 Kg6 41. h4 Kf6 42. Rxb7 h6
$2 (42... Ke5 $1 43. Rxh7 Kf4 $10) 43. Rb6+ (43. Rb5 $1 {(.)} Ra4 44. g5+ Kg7
$1 (44... hxg5 45. hxg5+ Kg6 46. Kxe2 $18) 45. Rb7+ Kg8 $1 46. Ra7 $3 Rxh4 (
46... hxg5 47. hxg5 Rg4 48. a6 Rxg5 49. Rb7 $18) 47. a6 Ra4 48. gxh6 Kh8 49.
Kxe2 $18) 43... Ke5 $1 $10 44. Rxh6 Kf4 45. g5 Kf3 46. Rf6+ Ke3 47. Re6+ Kf3
48. g6 (48. a6 Ra1+ 49. Kd2 Rd1+ 50. Kc3 e1=Q+ 51. Rxe1 Rxe1 52. g6 Kg4 (52...
Re7 $2 53. h5 Rg7 54. a7 Rxa7 55. h6 $18) 53. a7 Re8 54. Kc4 Kxh4 55. Kc5 Kg5
56. Kb6 $10) 48... Rxa5 (48... Ra1+ $2 49. Kd2 Rd1+ 50. Kc2 e1=Q 51. Rxe1 Rxe1
52. h5 Rg1 53. a6 $18) 49. Kd2 (49. g7 Ra1+ 50. Kd2 Rd1+ 51. Kc3 Rg1 52. Kd2
Rd1+ $10) 49... Ra2+ 50. Kd3 Ra3+ 51. Kd2 Ra2+ 52. Kc3 Ra3+ 53. Kd4 Ra4+ 54.
Kd3 Ra3+ 55. Kd2 Ra2+ 56. Kc3 Ra3+ 57. Kd2 Ra2+ 1/2-1/2

[Event "San Francisco"]
[Site "San Francisco"]
[Date "1991.??.??"]
[Round "7"]
[White "Torre, Eugenio"]
[Black "Grefe, John Alan"]
[Result "1-0"]
[WhiteElo "2530"]
[BlackElo "2385"]
[Annotator "Knaak,R"]
[PlyCount "53"]
[EventDate "1991.03.??"]
[EventType "tourn"]
[EventRounds "11"]
[EventCountry "USA"]
[EventCategory "12"]
[SourceTitle "CBM 023"]
[Source "ChessBase"]
[SourceDate "1991.08.01"]
[SourceVersion "1"]
[SourceVersionDate "1991.08.01"]
[SourceQuality "1"]

1. d4 e6 2. e4 d5 3. e5 c5 4. c3 Nc6 5. Nf3 Qb6 6. a3 c4 7. Nbd2 Bd7 8. g3 f6
$6 {Mit dem Tempoverlust 7...Bd7 ist f6 nicht so gut. Uhlmanns Idee war es
nach 7.g3 f6 8.ef6 Nf6 9.Bg2 Bd6 schnell zu e6-e5 zu kommen. Mit 7.Nbd2! wird
die Variante ausgeschaltet, denn 7...f6 8.Be2!} 9. exf6 Nxf6 10. Qe2 O-O-O (
10... Bd6 $5 11. Bh3 O-O 12. Bxe6+ Kh8 13. Bxd7 Nxd7 (13... Rae8 14. Bxe8 Rxe8
15. Ne5 Nxe5 16. O-O) 14. O-O Rae8 15. Qd1 $13) 11. Bg2 Kb8 $6 {Zu langsam.}
12. O-O Bc8 13. b3 $1 cxb3 14. Rb1 $16 b2 15. Bxb2 Bd6 16. c4 Qa6 17. Rfc1 Rhe8
18. Ne5 Bxe5 19. dxe5 Nd7 20. Qe3 Nb6 21. cxd5 exd5 22. Bd4 Nc4 23. Nxc4 dxc4
24. Ba1 Rd3 25. Qc5 Na5 26. e6 $1 Bxe6 (26... Nb3 27. Rxc4 Bxe6 28. Qc7+ Ka8
29. Rb4 $18) 27. Be5+ (27. Be5+ Ka8 28. Qxa5 $1 Qxa5 29. Bxb7#) 1-0

[Event "Bled/Rogaska Slatina"]
[Site "Bled"]
[Date "1991.??.??"]
[Round "11"]
[White "Djuric, Stefan"]
[Black "Vaganian, Rafael A"]
[Result "1-0"]
[WhiteElo "2540"]
[BlackElo "2585"]
[Annotator "Knaak,R"]
[PlyCount "107"]
[EventDate "1991.06.??"]
[EventType "tourn"]
[EventRounds "13"]
[EventCountry "SLO"]
[EventCategory "12"]
[SourceTitle "CBM 024"]
[Source "ChessBase"]
[SourceDate "1991.10.01"]
[SourceVersion "1"]
[SourceVersionDate "1991.10.01"]
[SourceQuality "1"]

1. e4 e6 2. d4 d5 3. e5 c5 4. c3 Nc6 5. Nf3 Qb6 6. a3 c4 7. h4 Bd7 8. h5 f6 $1
9. Qe2 Na5 (9... fxe5 10. Nxe5 Nxe5 11. dxe5 Bc5 $10) 10. Bf4 Nb3 11. Ra2 O-O-O
12. g4 Nh6 13. Bh3 Nf7 14. O-O g5 $1 15. Be3 Be7 16. exf6 Bxf6 17. Ne5 Rhf8 18.
Nxd7 Rxd7 19. Nd2 Nxd2 20. Qxd2 Qd6 21. Raa1 e5 22. Rae1 Bd8 $1 {/\ Bc7 >< h2}
23. f3 Bc7 24. Kh1 h6 25. Qf2 Bb6 26. Qh2 Re7 27. dxe5 Nxe5 28. Bxb6 axb6 29.
Re3 Re6 (29... Kc7 $1 30. Rfe1 Rfe8 $15) 30. Qe2 (30. Rfe1 $2 Nxf3) 30... Rff6
$4 (30... Re7 31. Re1 Rfe8 $15) 31. Re1 $18 Nd3 32. Rxe6 Qg3 33. Re8+ Kd7 34.
Bg2 (34. Qe7+ $1 Kc6 35. Qxf6+ Kb5 36. a4+ $1 Kxa4 37. Ra1+ Kb5 (37... Kb3 38.
Qxb6+ Kc2 39. Re2#) 38. Re2 Qxh3+ 39. Rh2 Nf2+ 40. Kg1 Qg3+ 41. Rg2 Nh3+ 42.
Kf1 $18) 34... Kc6 35. a4 b5 36. a5 b4 37. Re6+ Rxe6 38. Qxe6+ Kb5 39. Qb6+ Ka4
40. Rf1 Kb3 41. Qe3 Nxb2 42. cxb4+ Nd3 43. Qd2 Ka4 44. Ra1+ Kb5 45. a6 bxa6 46.
Ra5+ Kc6 47. Qe3 Qf2 48. Qxf2 Nxf2+ 49. Kg1 Nd3 50. f4 Nxf4 51. Bf3 c3 52. Rc5+
Kb6 53. Rxc3 Kb5 54. Ra3 1-0

[Event "New York op"]
[Site "New York"]
[Date "1991.??.??"]
[Round "2"]
[White "Friedman, Aviv"]
[Black "Dreev, Alexey"]
[Result "0-1"]
[WhiteElo "2300"]
[BlackElo "2625"]
[Annotator "Knaak,R"]
[PlyCount "98"]
[EventDate "1991.03.??"]
[EventType "swiss"]
[EventRounds "9"]
[EventCountry "USA"]
[SourceTitle "CBM 023"]
[Source "ChessBase"]
[SourceDate "1991.08.01"]
[SourceVersion "1"]
[SourceVersionDate "1991.08.01"]
[SourceQuality "1"]

1. e4 e6 2. d4 d5 3. e5 c5 4. c3 Nc6 5. Nf3 Bd7 6. Be2 Nge7 7. Na3 cxd4 8. cxd4
Nf5 9. Nc2 Nb4 10. Nxb4 Bxb4+ 11. Bd2 Qb6 $1 {Anands Empfehlung} (11... Qa5 12.
a3 $1 Bxd2+ 13. Qxd2 Qxd2+ 14. Kxd2 {Anand-M.Gurevich/Manila izt/1990/CBM 19})
12. Bxb4 Qxb4+ 13. Qd2 a5 $5 {Eine neue Idee. Dreev läßt die Q auf dem Brett.}
14. a3 Qb6 $1 15. O-O O-O 16. Rfc1 (16. g4 $5) 16... Rfc8 17. Bd3 Ne7 18. Rxc8+
Rxc8 19. Rc1 Rxc1+ 20. Qxc1 h6 $15 21. Qc3 Ba4 22. Be2 Nc6 23. Kf1 Bb5 24. b3
a4 25. bxa4 Bxa4 26. Ke1 Qb1+ 27. Kd2 Qa2+ 28. Ke1 Qb1+ 29. Kd2 Bb5 30. Bxb5
Qxb5 31. Ke3 Qb1 32. Ke2 Qh1 33. Qb2 Qxg2 34. Qxb7 Nxd4+ 35. Nxd4 Qe4+ 36. Kf1
Qh1+ 37. Ke2 Qe4+ 38. Kf1 Qd3+ 39. Kg2 Qxd4 40. Qc8+ Kh7 41. Qc2+ g6 42. a4
Qxe5 43. a5 d4 44. a6 Qd5+ 45. f3 d3 46. Qc7 Kg7 47. Qc3+ e5 48. a7 d2 49. a8=Q
d1=Q 0-1

[Event "Interzonal-15"]
[Site "Manila"]
[Date "1990.??.??"]
[Round "7"]
[White "Thipsay, Praveen Mahadeo"]
[Black "Hmadi, Slaheddine"]
[Result "0-1"]
[WhiteElo "2490"]
[BlackElo "2335"]
[Annotator "Knaak,R"]
[PlyCount "46"]
[EventDate "1990.06.29"]
[EventType "swiss"]
[EventRounds "13"]
[EventCountry "PHI"]
[SourceTitle "CBM 019"]
[Source "ChessBase"]
[SourceDate "1990.12.01"]
[SourceVersion "1"]
[SourceVersionDate "1990.12.01"]
[SourceQuality "1"]

1. e4 e6 2. d4 d5 3. e5 c5 4. c3 Nc6 5. Nf3 Bd7 6. dxc5 Bxc5 7. Bd3 f6 8. b4
fxe5 $5 (8... Be7 9. b5 Nxe5 10. Nxe5 fxe5 11. Qh5+ Kf8 12. Qxe5 Bf6 {
Sveshnikov-Savon/Lvov/1978/i25/225} 13. Qg3 e5 14. O-O $14) 9. bxc5 e4 10. Bxe4
dxe4 11. Ng5 Nf6 12. Qe2 O-O $10 13. O-O Ne5 14. Bf4 Nfg4 15. Qxe4 Rf5 16. Nh3
Bc6 17. Qd4 Qf6 18. Bxe5 Nxe5 19. f3 Rd8 20. Qe3 Rd3 21. Qe2 Nxf3+ 22. gxf3
Rdxf3 23. Nd2 Qg6+ 0-1

[Event "Voskresensk"]
[Site "Voskresensk"]
[Date "1990.??.??"]
[Round "?"]
[White "Kholmov, Ratmir D"]
[Black "Dizdar, Goran"]
[Result "1/2-1/2"]
[WhiteElo "2485"]
[BlackElo "2470"]
[Annotator "Knaak,R"]
[PlyCount "130"]
[EventDate "1990.07.??"]
[EventType "tourn"]
[EventRounds "11"]
[EventCountry "URS"]
[EventCategory "9"]
[SourceTitle "CBM 019"]
[Source "ChessBase"]
[SourceDate "1990.12.01"]
[SourceVersion "1"]
[SourceVersionDate "1990.12.01"]
[SourceQuality "1"]

1. e4 e6 2. d4 d5 3. e5 c5 4. c3 Nc6 5. Nf3 Bd7 6. Be2 Nge7 7. Na3 cxd4 8. cxd4
Nf5 9. Nc2 Nb4 10. Nxb4 Bxb4+ 11. Kf1 $6 {N} (11. Bd2 Qb6 $1 {Anand} 12. Bxb4
Qxb4+ 13. Qd2 Qxd2+ 14. Kxd2 Ne7 $1 {/\ f6, Kd8, Be8-h5, Nc6 ><d4, e5 Zlotnik;
Siero-Gurevic,M/La Habana/1986 i41/306}) 11... Be7 12. Qb3 Bc6 13. Bd2 a5 $1
14. g3 a4 15. Qd3 Qb6 16. Bc3 O-O 17. Kg2 f6 $1 18. Rhe1 Be8 19. exf6 Bxf6 20.
Bf1 Bg6 $15 21. Qd2 Nd6 $6 22. Rxe6 Be4 23. Be2 Bf5 24. Rxd6 Qxd6 25. Bb4 Qb6
26. Bxf8 Rxf8 27. Rd1 Be4 28. Kg1 h6 29. Ne1 Bg5 30. Qc3 Qf6 31. f4 Qf5 32. Bf3
Rc8 33. Qe3 Bf6 34. g4 Qd7 35. Be2 Re8 36. Qd2 Qd6 37. Nf3 Rc8 38. Qe3 Rc2 39.
Rd2 Rc1+ 40. Kf2 Qc7 41. Bd3 Bxd3 42. Rxd3 Rc2+ 43. Rd2 Rxd2+ 44. Qxd2 g5 45.
fxg5 hxg5 46. Qd3 Kg7 47. Qb5 Qc2+ 48. Qe2 Qb1 49. a3 Qc1 50. h3 Qb1 51. Kg3
Qe4 52. Qd2 Kg6 53. h4 gxh4+ 54. Nxh4+ Bxh4+ 55. Kxh4 Qe7+ 56. Kg3 Qe4 57. Qc3
Kg5 58. Qc1+ Kg6 59. Qd2 b6 60. Qc3 Kg5 61. Qc1+ Kg6 62. Qd2 b5 63. Qc3 Kg5 64.
Qc1+ Kg6 65. Qd2 Qb1 1/2-1/2

[Event "Budapest FS03 GM"]
[Site "Budapest"]
[Date "1996.??.??"]
[Round "3"]
[White "Afek, Yochanan"]
[Black "Totsky, Leonid"]
[Result "0-1"]
[WhiteElo "2395"]
[BlackElo "2430"]
[Annotator "Kortschnoj,V"]
[PlyCount "68"]
[EventDate "1996.03.??"]
[EventType "tourn"]
[EventRounds "13"]
[EventCountry "HUN"]
[EventCategory "9"]
[SourceTitle "CBM 053"]
[Source "ChessBase"]
[SourceDate "1996.08.01"]
[SourceVersion "1"]
[SourceVersionDate "1996.08.01"]
[SourceQuality "1"]

1. e4 e6 2. d4 d5 3. e5 c5 4. c3 Qb6 5. Nf3 Bd7 6. a3 cxd4 $5 7. Nxd4 $2 (7.
cxd4 Bb5 8. Bxb5+ Qxb5 9. Nc3 Qc4 10. Be3 Ne7 11. Rc1 Nf5 $13) 7... Nc6 $15 8.
Nxc6 Bxc6 (8... bxc6 $5) 9. b4 $2 (9. Bd3 $15) 9... Qc7 10. f4 Nh6 11. Bd3 a5
$1 (11... d4 $2 12. O-O dxc3 13. Nxc3 $10 Bxg2 $4 14. Kxg2 Qxc3 15. Bb5+ $18)
12. b5 (12. Bb2 d4 $17) 12... Bd7 13. a4 Bc5 $17 14. Qe2 O-O 15. Nd2 f6 16. Nb3
Bb6 17. Bd2 fxe5 18. Qxe5 Qxe5+ 19. fxe5 Ng4 $19 20. Be2 Nxe5 21. Nd4 Rac8 22.
Rf1 Rxf1+ 23. Kxf1 Nc4 24. Bxc4 Rxc4 25. Ke2 e5 26. Nf3 Rxa4 27. Rxa4 Bxb5+ 28.
c4 Bxa4 29. cxd5 Bb5+ 30. Kd1 Bc7 31. Bc3 Bc4 32. d6 Bxd6 33. Bxa5 Bd5 34. Bc3
Bxf3+ 0-1